Teoría de los sistemas económicos (Record no. 144667)

MARC details
000 -LEADER
campo de control de longitud fija 00634nam a2200181 4500
001 - NÚMERO DE CONTROL
campo de control 144667
003 - IDENTIFICADOR DE NÚMERO DE CONTROL
campo de control ES-MaACL
005 - FECHA Y HORA DE LA ÚLTIMA TRANSACCIÓN
campo de control 20230906201054.0
007 - CAMPO FIJO DE DESCRIPCIÓN FÍSICA--INFORMACIÓN GENERAL
campo de control de longitud fija t|
008 - DATOS DE LONGITUD FIJA--INFORMACIÓN GENERAL
campo de control de longitud fija 070214s1976 sp r ||||1| spa d
100 1# - ENTRADA PRINCIPAL--NOMBRE DE PERSONA
Nombre de persona Snavely, William P.
9 (RLIN) 106955
245 10 - MENCIÓN DEL TÍTULO
Título Teoría de los sistemas económicos
Resto del título : capitalismo, socialismo y corporativismo /
Mención de responsabilidad, etc. William P. Snavely ; [traducción de: Beatriz E. Falero].
250 ## - MENCION DE EDICION
Mención de edición 1ª ed.
260 ## - PUBLICACIÓN, DISTRIBUCIÓN, ETC.
Lugar de publicación, distribución, etc. Madrid [etc.] :
Nombre del editor, distribuidor, etc. Fondo de Cultura Económica,
Fecha de publicación, distribución, etc. 1976 (
Fabricante Hijos de E. Minuesa)
300 ## - DESCRIPCIÓN FÍSICA
Extensión 329 p. ;
Dimensiones 21 cm.
700 1# - ENTRADA AGREGADA--NOMBRE PERSONAL
Nombre de persona Falero, Beatriz E.
9 (RLIN) 48730
852 ## - LOCALIZACIÓN
Ubicación ES-MaACL
Número de control de estantería A-6312
Sublocalización o colección R.95376
Holdings
Estatus retirado Estado de pérdida Estado de daño No para préstamo Biblioteca de origen Biblioteca actual Ubicación en estantería Fecha de adquisición Fuente de adquisición Total de préstamos Signatura topográfica completa Código de barras Visto por última vez Precio de reemplazo Tipo de ítem Koha
        Biblioteca del Ateneo de Madrid Biblioteca del Ateneo de Madrid Sala Pecera Planta 1 17/01/2008     A-6312 1150829 23/02/2023 23/02/2023 Libro impreso